Natación y discapacitados: intervención en el medio acuático
Guardat en:
| Autor principal: | |
|---|---|
| Format: | Llibre |
| Idioma: | espanyol |
| Publicat: |
Madrid
Gymnos
1999
|
| Matèries: | |
| Etiquetes: |
Afegir etiqueta
Sense etiquetes, Sigues el primer a etiquetar aquest registre!
|
MARC
| LEADER | 00000nam a2200000 a 4500 | ||
|---|---|---|---|
| 001 | UCO7448 | ||
| 003 | CL-VaPUC | ||
| 008 | 001117e19990000SP |||||||||||||||||spa|d | ||
| 082 | 0 | 4 | |a 797.21 |b VAZ |2 21 |
| 100 | 0 | |a Vázquez Menlle, Juan |e author |9 451938 | |
| 245 | 1 | 0 | |a Natación y discapacitados: intervención en el medio acuático |
| 300 | |a 298 p | ||
| 942 | |c BK | ||
| 945 | |d 20001117 00:00:00 |a cmena | ||
| 260 | |a Madrid |b Gymnos |c 1999 | ||
| 650 | 0 | |a Deportes |9 224367 | |
| 650 | 7 | |a ENTRENAMIENTO ATLETICO |2 CL-VaPUC |9 451939 | |
| 650 | 0 | |a Natación |9 307454 | |
| 650 | 0 | |a Educación especial |9 307486 | |
| 650 | 7 | |a NIÑOS IMPEDIDOS |2 CL-VaPUC |9 309741 | |
| 650 | 0 | |a Métodos de enseñanza |9 270413 | |
| 583 | |a last modification |c 20001117 00:00:00 |k Rodrigo Vera | ||
| 999 | |c 292383 |d 292381 | ||
| 952 | |0 0 |1 0 |4 0 |6 797_210000000000000_VAZ_1999 |7 0 |8 A |9 343201 |a BIBEDU |b BIBEDU |d 2019-11-20 |i 3668266 |o 797.21 VAZ 1999 |p 3668266 |r 2019-11-20 |w 2019-11-20 |y BK |k EFI | ||
| 952 | |0 0 |1 0 |4 0 |6 797_210000000000000_VAZ_1999 |7 0 |8 A |9 343202 |a BIBEDU |b BIBEDU |d 2019-11-20 |i 3775585 |o 797.21 VAZ 1999 |p 3775585 |r 2019-11-20 |w 2019-11-20 |y BK |k EFI | ||